List of Two and a Half Men Characters - Statistics

General Stats
  • This quiz has been taken 1,365 times
    1,362 since last reset
  • The average score is 9 of 17
Answer Stats
Hint Answer % Correct
Kid's Jingle Wirter Charlie Sheen
99%
Chiropractor Alan Harper
97%
Underacheiving Son Jake Harper
97%
Sharp-Tongued Housekeeper Berta
89%
Stalker Rose
88%
Alan's Ex-wife Judith Harper-Melnick
85%
Internet Tycoon Walden Schmidt
76%
Pediatrician Herb Melnick
63%
Los Angeles Broker/Realtor Evelyn Harper
58%
Jake's Best Friend Eldridge MacElroy
32%
Pizza Guy Gordon
26%
Walden's Ex-Wife Bridget Schmidt
22%
Dating Alan Lyndsey MacElroy
20%
Walden's Love interest Zoey
16%
Psychiatrist Linda Freeman
10%
Walden's Mom Robin Schmidt
7%
Jake's Girlfriend Megan
4%
No matching quizzes found
Score Distribution
Percent of People with Each Score
Percentile by Number Answered
Your Score History
You have not taken this quiz since the last reset